Bibó István /1911-1979/ életút dokumentumokban
Elmentve itt :
| További közreműködők: | |
|---|---|
| Adatforrás: | Philobibl |
| Dokumentumtípus: | Könyv |
| Nyelv: | magyar |
| Kulcsszavak: | politikai filozófia |
| Megjelent: |
Bp.
Osiris-Századvég K. 1956-os Intézet
1995
|
| Sorozat: | '56
|
| LEADER | 00604nam a2200181 c 4500 | ||
|---|---|---|---|
| 001 | bibDOK00000081 | ||
| 005 | 20200924115635.4 | ||
| 008 | 060518s1995 hu hun | ||
| 245 | 0 | 0 | |a Bibó István /1911-1979/ |b életút dokumentumokban |c [vál., összeáll. Huszár Tibor ; szerk. Litván György, S. Varga Katalin ; előszó : Göncz Árpád] |
| 260 | |a Bp. |b Osiris-Századvég K. |b 1956-os Intézet |c 1995 | ||
| 300 | |a 757 p. | ||
| 490 | 1 | |a '56 | |
| 695 | |a politikai filozófia | ||
| 700 | 1 | |a Huszár Tibor | |
| 700 | 1 | |a Litván György | |
| 700 | 1 | |a Varga Katalin, S. | |
| 700 | 1 | |a Göncz Árpád | |
| 830 | 1 | |a '56 | |